|
|
|
|
| LEADER |
00000cam a2200000 7i4500 |
| 001 |
0000004805 |
| 005 |
20151222.0 |
| 008 |
070806 |
| 020 |
|
|
|a 983852428X
|
| 090 |
0 |
0 |
|a JF
|b CT MAL (5227)
|
| 100 |
0 |
|
|a Khadijah Hashim
|
| 245 |
1 |
0 |
|a Badang
|c Khadijah Hashim
|
| 260 |
|
|
|a Shah Alam :
|b 'K' publishing ,
|c 2005
|
| 440 |
|
|
|a Siri legenda
|
| 500 |
|
|
|a Children ages 7-9 years old (orange)
|
| 650 |
|
0 |
|a Malay fiction
|x classic tales
|
| 999 |
|
|
|a 0000951072
|b Book
|c Children Collection
|e Cawangan Bukit Gambir
|
| 999 |
|
|
|a 0000951075
|b Book
|c Children Collection
|e Cawangan Tangkak
|
| 999 |
|
|
|a 0000972012
|b Book
|c Children Collection
|e Cawangan Sri Merlong
|
| 999 |
|
|
|a 0000972013
|b Book
|c Children Collection
|e Cawangan Pontian
|
| 999 |
|
|
|a 0000972014
|b Book
|c Children Collection
|e Perbadanan Perpustakaan Awam Johor
|
| 999 |
|
|
|a 0000991227
|b Book
|c Children Collection
|e Cawangan Taman Universiti
|
| 999 |
|
|
|a 0000991228
|b Book
|c Children Collection
|e Cawangan Mersing
|
| 999 |
|
|
|a 0000991229
|b Book
|c Children Collection
|e Cawangan Segamat
|
| 999 |
|
|
|a 0000991230
|b Book
|c Children Collection
|e Cawangan Pontian
|
| 999 |
|
|
|a 0001150453
|b Book
|c Children Collection
|e Cawangan Segamat
|
| 999 |
|
|
|a 0001150454
|b Book
|c Children Collection
|e Cawangan Tmn. Ungku Tun Aminah
|
| 999 |
|
|
|a 0001150457
|b Book
|c Children Collection
|e Cawangan Mersing
|
| 999 |
|
|
|a 0001150460
|b Book
|c Children Collection
|e Cawangan Kota Tinggi
|
| 999 |
|
|
|a 0001150462
|b Book
|c Children Collection
|e Cawangan Segamat
|
| 999 |
|
|
|a 0001150463
|b Book
|c Children Collection
|e Cawangan Taman Universiti
|
| 999 |
|
|
|a 0001150464
|b Book
|c Children Collection
|e Cawangan Tmn. Ungku Tun Aminah
|
| 999 |
|
|
|a 0001150465
|b Book
|c Children Collection
|e Cawangan Bandar Penawar
|
| 999 |
|
|
|a 0001150471
|b Book
|c Children Collection
|e Cawangan Bandar Penawar
|
| 999 |
|
|
|a 0001150472
|b Book
|c Children Collection
|e Cawangan Tmn. Ungku Tun Aminah
|
| 999 |
|
|
|a 0001150473
|b Book
|c Children Collection
|e Cawangan Mersing
|
| 999 |
|
|
|a 0001150474
|b Book
|c Children Collection
|e Cawangan Taman Universiti
|
| 999 |
|
|
|a 0001150475
|b Book
|c Children Collection
|e Cawangan Segamat
|
| 999 |
|
|
|a 0001150479
|b Book
|c Children Collection
|e Cawangan Pontian
|
| 999 |
|
|
|a 0001150926
|b Book
|c Children Collection
|e Cawangan Tmn. Ungku Tun Aminah
|
| 999 |
|
|
|a 0001150927
|b Book
|c Children Collection
|e Cawangan Bandar Penawar
|
| 999 |
|
|
|a 0001150929
|b Book
|c Children Collection
|e Cawangan Tangkak
|
| 999 |
|
|
|a 0001150934
|b Book
|c Children Collection
|e Cawangan Bandar Penawar
|
| 999 |
|
|
|a 0001150935
|b Book
|c Children Collection
|e Cawangan Tmn. Ungku Tun Aminah
|
| 999 |
|
|
|a 0001150937
|b Book
|c Children Collection
|e Cawangan Segamat
|
| 999 |
|
|
|a 0001150939
|b Book
|c Children Collection
|e Cawangan Mersing
|
| 999 |
|
|
|a 0001150941
|b Book
|c Children Collection
|e Cawangan Pontian
|
| 999 |
|
|
|a 0001150943
|b Book
|c Children Collection
|e Cawangan Kota Tinggi
|
| 999 |
|
|
|a 000150467
|b Book
|c Children Collection
|e Cawangan Tangkak
|